Klastry technologií jako potenciální faktory efektivnosti podniku

Vybrané problémy efektívnosti výrobných podnikov. Výsledky dotazníkového prieskumu medzi českými výrobnými podnikmi.

Salvato in:
Dettagli Bibliografici
Autore principale: Janeček, Václav
Altri autori: Hynek, Josef, Skalská, Hana
Natura: Capitolo di libro
Lingua:ceco
Soggetti:
Tags: Aggiungi Tag
Nessun Tag, puoi essere il primo ad aggiungerne!!

MARC

LEADER 00000naa a2200000 4500
001 0196242
005 20231208073918.2
041 0 |a cze 
044 |a SK 
245 1 0 |a Klastry technologií jako potenciální faktory efektivnosti podniku  |c Václav Janeček, Josef Hynek, Hana Skalská 
520 |a Vybrané problémy efektívnosti výrobných podnikov. Výsledky dotazníkového prieskumu medzi českými výrobnými podnikmi. 
610 2 0 |a Česko 
610 2 0 |a klaster 
610 2 0 |a efektívnosť ekonomická 
610 2 0 |a podnik výrobný 
100 1 |a Janeček, Václav 
700 1 |a Hynek, Josef 
700 1 |a Skalská, Hana